The Practice of Marketing (Record no. 483499)

MARC details
000 -LEADER
fixed length control field 00759nam a2200253Ia 4500
008 - FIXED-LENGTH DATA ELEMENTS--GENERAL INFORMATION
fixed length control field 100315s9999 xx 000 0 und d
020 ## - INTERNATIONAL STANDARD BOOK NUMBER
International Standard Book Number 0286 1103 2 
040 ## - CATALOGING SOURCE
Transcribing agency ENGLISH 
082 ## - DEWEY DECIMAL CLASSIFICATION NUMBER
Item number 8764 
Classification number 658.8 
100 ## - MAIN ENTRY--PERSONAL NAME
Personal name "Smallbone, Douglas W. "
245 ## - TITLE STATEMENT
Title The Practice of Marketing
250 ## - EDITION STATEMENT
Edition statement 2nd 
260 ## - PUBLICATION, DISTRIBUTION, ETC. (IMPRINT)
Place of publication, distribution, etc London 
Name of publisher, distributor, etc Staples Press  
Date of publication, distribution, etc 1972 
300 ## - PHYSICAL DESCRIPTION
Extent "ix, 373p  "
365 ## - TRADE PRICE
Price note Pounds 
Unit of pricing
Price amount 4.95 
366 ## - TRADE AVAILABILITY INFORMATION
Publishers' discount category
505 ## - FORMATTED CONTENTS NOTE
Miscellaneous information DBH 
530 ## - ADDITIONAL PHYSICAL FORM AVAILABLE NOTE
Availability source Donated By RBI Library  
620 ## -
-- "Pricing, Sales Forecasting , Communication , sales foprce , Advertising , Sales Promotion , Control "
630 ## - SUBJECT ADDED ENTRY--UNIFORM TITLE
Uniform title The Practice of Marketing
650 ## - SUBJECT ADDED ENTRY--TOPICAL TERM
Topical term or geographic name as entry element Marketing 
730 ## - ADDED ENTRY--UNIFORM TITLE
Uniform title The Practice of Marketing
942 ## - ADDED ENTRY ELEMENTS (KOHA)
Koha item type Book
Holdings
Withdrawn status Lost status Damaged status Not for loan Home library Current library Date acquired Cost, normal purchase price Total Checkouts Full call number Barcode Date last seen Price effective from Koha item type
        Dr. V. N. Bedekar Institute of Management Studies Library Dr. V. N. Bedekar Institute of Management Studies Library 06/03/2009 4.95   658.8 /SMA  8764  VPMBRIMS-8764  03/19/2010 03/19/2010 Book